Loading...

Introduction to business mathematics

Bibliographic Details
Main Author: Sundaresan, V.
Other Authors: Jayaseelan, S.D
Language:English
Published: New Delhi S. Chand and Co. 1977
Subjects:
LEADER 00586nam a22001697a 4500
005 20151215130248.0
008 100511t xxu||||| |||| 00| 0 eng d
082 |a 519.5  |b SUN 
100 |a Sundaresan, V.  |9 2104 
245 |a Introduction to business mathematics 
300 |a vii, 402p. 
653 |a Analytical Geometry  |a Differntial Calculus 
700 |a Jayaseelan, S.D.  |9 2103 
942 |c TB  |6 _ 
260 |a New Delhi  |b S. Chand and Co.  |c 1977 
999 |c 114225  |d 114225 
952 |0 0  |1 0  |2 ddc  |4 0  |6 5195_SUN  |7 0  |9 147942  |a SMS  |b SMS  |c GEN  |d 2010-06-21  |g 15.00  |o 519.5 SUN  |p SMST02894  |r 2010-05-11  |w 2010-05-11  |y TB